Logistics (Record no. 109736)

MARC details
000 -LEADER
fixed length control field 00959cad a22002055a 4500
001 - CONTROL NUMBER
control field L147820
008 - FIXED-LENGTH DATA ELEMENTS--GENERAL INFORMATION
fixed length control field 090622s2009 fr d f s 000 0 eng d
035 ## - SYSTEM CONTROL NUMBER
System control number (Sirsi) u147820
041 0# - LANGUAGE CODE
Language code of text/sound track or separate title eng
050 04 - LIBRARY OF CONGRESS CALL NUMBER
Classification number 333.33 $2 18
110 2# - MAIN ENTRY--CORPORATE NAME
Corporate name or jurisdiction name as entry element BNP Paribas Real Estate
9 (RLIN) 5715
245 00 - TITLE STATEMENT
Title Logistics
Medium [electronic resource]
260 ## - PUBLICATION, DISTRIBUTION, ETC.
Place of publication, distribution, etc. [Paris]
Name of publisher, distributor, etc. BNP Paribas Real Estate
Date of publication, distribution, etc. 2009
520 ## - SUMMARY, ETC.
Summary, etc. Optimising the efficiency of traffic flows is one of the major issues for logistics service providers and shippers. Whether the issue is a regional hub or the selection of a warehouse to deliver to city centres, our specialised logistics staff have market knowledge, and may provide valuable advice to investors and property users alike.
590 ## - LOCAL NOTE (RLIN)
Local note KA
651 #4 - SUBJECT ADDED ENTRY--GEOGRAPHIC NAME
Geographic name Europe
690 ## - LOCAL SUBJECT ADDED ENTRY--TOPICAL TERM (OCLC, RLIN)
Topical term or geographic name as entry element Commercial property
9 (RLIN) 6227
856 40 - ELECTRONIC LOCATION AND ACCESS
Uniform Resource Identifier <a href="https://www.realestate.bnpparibas.com/bnppre/logistics-uat_23314">https://www.realestate.bnpparibas.com/bnppre/logistics-uat_23314</a>
Public note View this report free of charge at BNP Real Estate website.
942 ## - ADDED ENTRY ELEMENTS (KOHA)
Suppress in OPAC 0
Holdings
Withdrawn status Lost status Source of classification or shelving scheme Damaged status Not for loan Home library Current library Shelving location Date acquired Total Checkouts Full call number Barcode Date last seen Copy number Price effective from Koha item type
    Dewey Decimal Classification     Virtual Virtual Online 22/06/2009   ONLINE PUBLICATION 147820-2001 06/08/2019 1 06/08/2019 Book